<?xml version="1.0" encoding="UTF-8"?>
<record
    xmlns:xsi="http://www.w3.org/2001/XMLSchema-instance"
    xsi:schemaLocation="http://www.loc.gov/MARC21/slim http://www.loc.gov/standards/marcxml/schema/MARC21slim.xsd"
    xmlns="http://www.loc.gov/MARC21/slim">

  <leader>00383    a2200109   4500</leader>
  <controlfield tag="001">ART_39577</controlfield>
  <controlfield tag="005">20260410162012.0</controlfield>
  <controlfield tag="008">260409a                                 </controlfield>
  <datafield tag="245" ind1="1" ind2="0">
    <subfield code="a">Reformas de segunda generaci&#xF3;n</subfield>
  </datafield>
  <datafield tag="100" ind1="1" ind2=" ">
    <subfield code="a">Said&#xF3;n, Mariana</subfield>
  </datafield>
  <datafield tag="773" ind1="0" ind2=" ">
    <subfield code="t">Documentos del CIECE</subfield>
    <subfield code="g">Ensayos sobre investigaci&#xF3;n del comportamiento de las organizaciones - N&#xBA; 5 (jul./dic. 2008)</subfield>
    <subfield code="w">REV39541</subfield>
  </datafield>
  <datafield tag="999" ind1=" " ind2=" ">
    <subfield code="c">32277</subfield>
    <subfield code="d">32277</subfield>
  </datafield>
</record>
